Quiz de Brawl Stars#1 - Statistics

Estatísticas Gerais
  • Esse quiz foi jogado 95 vezes
    88 desde o último reset
  • A pontuação média é 9 de 13
Estatísticas das Respostas
Questão Resposta % Correto
Qual desses brawlers é cromático Colette
100%
Qual desses brawlers não é Lendário? Coronel Ruffs
100%
Qual é o nome da empresa do Brawl Stars? Supercell
100%
Quem é Surge no Português? Watson
100%
Em que ano o Brawl Stars( a partir do BETA) foi lançado? 2017
62%
Qual brawler se adquire aos 3000 troféus? Bo
62%
Qual é a sequência de personagens do Brawl Pass: Temporada 5 Força Starr? D4r-r4l, Coronel Ruffs, Samurai Ruffs
62%
Qual dessas pessoas está na Supercell? Ryan Light
62%
Qual é a classificação indicativa do Brawl Stars no Play Store? +10
54%
Com quantos troféus se adquire a Jessie? 500
54%
Qual país o Brawl Stars(Supercell) fica? Finlândia
54%
Qual foi a primeira skin do Corvo? Corvo Fenix
38%
Qual foi o primeiro brawler lançado em 2020? Mr. P
38%
Nenhum quiz correspondente encontrado
Distribuição das Pontuações
Porcentagem de Pessoas com Cada Pontuação
Percentil de Números Respondidos
Sua Pontuação Histórica
Você não jogou esse quiz desde o último reset